| 000 | 00443nam a2200157Ia 4500 | ||
|---|---|---|---|
| 008 | 210716s1992 xx 000 0 und d | ||
| 020 | _a9813005920 | ||
| 041 | _aeng | ||
| 082 | _a004.68 GANM | ||
| 100 | _aGandhi, Meeta; Sheety, Tilak; Shah, Rajiv. | ||
| 245 | _aVijay mukhis the c odyssey networks and rdbms. | ||
| 250 | _a1 | ||
| 260 |
_aNew Delhi _bTech Publications _c1992 |
||
| 300 | _aiv,584 | ||
| 650 | _aLocal Area Networks(004.68) | ||
| 999 |
_c181944 _d181944 |
||